Teatro eclesiástico de la primitiva Iglesia de la Nueva España en las Indias Occidentales : México, Puebla de los Angeles, Mechoacan /

Historia y diccionario biográfico de la evangelización en la Nueva España, escrita por el cronista mayor de Indias Gil González Dávila (1578-1658) y publicada a mediados del siglo XVII, poco antes de la muerte de su autor. En este volumen presenta a los arzobispos y obispos de las jurisdicciones rel...

Descrición completa

Gardado en:
Detalles Bibliográficos
Autor Principal: González Dávila, Gil (autor)
Formato: Libro
Idioma:Lingua castelá
Edición:2a edición
Series:(Colección Chimalistac de Libros y Documentos Acerca de la Nueva España ; 3)
Temas:
Etiquetas: Engadir etiqueta
Sen Etiquetas, Sexa o primeiro en etiquetar este rexistro!

MARC

LEADER 00000nam^a2200000^a^4500
001 000119886
005 20250521000000.0
009 20260310094333.81
037 |a Acervo ITESO - Biblioteca 
041 |a ESP 
082 |a 972. 03  |b GON V. 1 
100 |a González Dávila, Gil  |e (autor) 
240 1 1 |a [Teatro eclesiástico de la primitiva Iglesia de las Indias Occidentales y vidas de sus arzobipos y obispos] 
245 1 0 |a Teatro eclesiástico de la primitiva Iglesia de la Nueva España en las Indias Occidentales :  |b México, Puebla de los Angeles, Mechoacan /  |c G. González Dávila. 
250 |a 2a edición 
264 |a Madrid, España :  |b José Porrúa Turanzas,  |c 1959 
300 |a XVI, 207 p. 
336 |a texto  |b txt  |2 rdacontenido 
337 |a sin mediación  |b n  |2 rdamedio 
338 |a volumen  |b nc  |2 rdasoporte 
440 1 |a (Colección Chimalistac de Libros y Documentos Acerca de la Nueva España ;  |v 3) 
520 |a Historia y diccionario biográfico de la evangelización en la Nueva España, escrita por el cronista mayor de Indias Gil González Dávila (1578-1658) y publicada a mediados del siglo XVII, poco antes de la muerte de su autor. En este volumen presenta a los arzobispos y obispos de las jurisdicciones religiosas de de México, Puebla y Michoacán. 
534 |a Reproducción facsimilar de la edición de 1649-1655, publicada en Madrid, España 
649 |a XX 
650 |a Obispos de México -  |x Biografías 
650 |a Ministros Religiosos Españoles -  |x Biografías 
650 |a Religiosos Españoles -  |x Biografías 
650 |a Evangelización -  |z Puebla -  |x Historia -  |y Epoca Colonial, 1517-1821 
650 |a Evangelización -  |z Michoacán -  |x Historia -  |y Epoca Colonial, 1517-1821 
650 |a Evangelización -  |z México -  |x Historia -  |y Epoca Colonial, 1517-1821 
650 |a Iglesia Católica en Puebla -  |x Historia -  |y Epoca Colonial, 1517-1821 
650 |a Iglesia Católica en Michoacán -  |x Historia -  |y Epoca Colonial, 1517-1821 
650 |a Iglesia Católica en México -  |x Historia -  |y Epoca Colonial, 1517-1821 
650 |a Catolicismo -  |z Puebla -  |x Historia -  |y Epoca Colonial, 1517-1821 
650 |a Catolicismo -  |z Michoacán -  |x Historia -  |y Epoca Colonial, 1517-1821 
650 |a Catolicismo -  |z México -  |x Historia -  |y Epoca Colonial, 1517-1821 
650 |a Cristianismo -  |z Puebla -  |x Historia -  |y Epoca Colonial, 1517-1821 
650 |a Cristianismo -  |z Michoacán -  |x Historia -  |y Epoca Colonial, 1517-1821 
650 |a Cristianismo -  |z México -  |x Historia -  |y Epoca Colonial, 1517-1821 
650 |a Religión -  |z Puebla -  |x Historia  |y Epoca Colonial, 1517-1821 
650 |a Religión -  |z Michoacán -  |x Historia -  |y Epoca Colonial, 1517-1821 
650 |a Religión -  |z México -  |x Historia -  |y Epoca Colonial, 1517-1821 
650 |a Puebla -  |x Historia -  |y Virreinato, 1535-1821 
650 |a Puebla -  |x Historia -  |y Epoca Colonial, 1517-1821 
650 |a Michoacán -  |x Historia -  |y Virreinato, 1535-1821 
650 |a Michoacán -  |x Historia -  |y Epoca Colonial, 1517-1821 
650 |a México -  |x Historia -  |y Virreinato, 1535-1821 
650 |a México -  |x Historia -  |y Epoca Colonial, 1517-1821 
910 |a Fondo Salvador Reynoso Reynoso 
920 |a Impresos - Libros 
930 |a Fondos Especiales 
905 |a 112 
901 |a 0800005502  |b IT2  |c ESP  |u 20250521 
902 |a https://opac.biblio.iteso.mx/vufind/Record/000119886